| 000 | 00531nam a2200169 i 4500 | ||
|---|---|---|---|
| 001 | 140823 | ||
| 003 | ES-MaACL | ||
| 005 | 20230906200147.0 | ||
| 007 | t| | ||
| 008 | 070917s1976 ch ||||1| eng d | ||
| 100 | 1 |
_aYen, Chin-yao. _9117614 |
|
| 245 | 1 | 0 |
_aCommunist China's policy toward Southeast Asia / _cby Chin-yao Chen. |
| 260 |
_a[Taipei] : _bAsian Peoples' Anti-Communist League, _c1976. |
||
| 300 |
_a67 p. ; _c19 cm. |
||
| 651 | 4 |
_aChina- _xPolĂtica exterior- _y1949-1979. _98055 |
|
| 852 |
_aES-MaACL _jA-6203 _bR.95300 |
||
| 999 |
_c140823 _d140823 |
||